City of Manchester Quiz - Statistics

General Stats
  • This quiz has been taken 241 times
    183 since last reset
  • The average score is 9 of 11
Answer Stats
Hint Answer % Correct
Football team that plays at the Etihad Stadium Manchester City
98%
Nearby city that is considered a major rival Liverpool
96%
Brother of Liam Gallagher Noel
92%
TV soap set in the city Coronation Street
90%
County that the city is in Greater Manchester
85%
Demonym of someone from Manchester Mancunian
84%
Year of IRA bombing 1996
79%
Band formed in 1982 and fronted by Morrissey The Smiths
79%
Civilisation that founded Manchester in 79 AD Romans
78%
Manchester boxer who famously beat Wladimir Klitschko Tyson Fury
54%
Financial district of the city centre Spinningfields
35%
No matching quizzes found
Score Distribution
Percent of People with Each Score
Percentile by Number Answered
Your Score History
You have not taken this quiz since the last reset